000 01564nam a22002777a 4500
005 20170124103204.0
010 _aB-171409
020 _c790.00
_a8172111614
035 _aB-171409
037 _bCen Lib/Ret
040 _aDPL
_bHN
082 _a338.95413
_bअग्रवा
100 _aअग्रवाल, मनोज कुमार
_993323
245 _aउत्तर प्रदेश में विकास योजनायें /
_cमनोज कुमार अग्रवाल [एवं] सुधीर कुमार निगम
246 _aUttarpradesh me vikas yojnayen /
_bby Manoj Kumar Agraval [evam] Sudheer Kumar Nigam
260 _aनयी दिल्ली
_bनार्दन बुक सेंटर
_c2005
270 _bनयी दिल्ली
_a4222 /1 अंसारी रोड, दरियागंज
_e110002
300 _axxix,258पृ.
_c23सेमी(सजिल्द )
500 _aअनुक्रमाणिका शामिल
650 _aआर्थिक विकास परियोजनाओं - भारत - उत्तर प्रदेश
_x
_z
_993324
650 _aउत्तर प्रदेश (भारत) - आर्थिक नीति
_993325
650 _aEconomic development projects -- India -- Uttar Pradesh
_993326
650 _aUttar Pradesh (India) -- Economic policy
_993327
700 _aनिगम, सुधीर कुमार
_942923
942 _2ddc
_cHN
_h338.95413
_mअग्रवा
999 _c120904
_d120904